=LDR 00000nam 2200000 4500 =001 INLIS000000000033417 =005 20130612135355 =008 ***********************************ind** =035 ##$$0010-061300000033417 =041 ##$$a ind =082 ##$$a 519.5 =090 ##$$a 519.5, Pra m =100 ##$$a Prayadi =245 ##$$a Matematika teknik, Prayadi =260 ##$$a 2006 $b Yogyakarta =300 ##$$a viii,468hlm, 22 cm =650 ##$$a Matematika-Statistik =850 ##$$a NBPNMAT =990 ##$$a 93314/BPAP-NTB/2014 =990 ##$$a 0001/BPAP-NTB/20142015 =990 ##$$a 0001/BPAP-NTB/20142015 =990 ##$$a 0001/BPAP-NTB/20142015 =990 ##$$a 0001/BPAP-NTB/20142015 =990 ##$$a 0001/BPAP-NTB/20142015 =990 ##$$a 0001/BPAP-NTB/20142015 =990 ##$$a 0090/BPAP-NTB/2016 =990 ##$$a 76587658 =990 ##$$a 93314/BPAP-NTB/2014 =990 ##$$a 0001/BPAP-NTB/20142015 =990 ##$$a 0001/BPAP-NTB/20142015 =990 ##$$a 0001/BPAP-NTB/20142015 =990 ##$$a 0001/BPAP-NTB/20142015 =990 ##$$a 0001/BPAP-NTB/20142015 =990 ##$$a 0001/BPAP-NTB/20142015 =990 ##$$a 0090/BPAP-NTB/2016 =990 ##$$a 01201807658